000 00367cam a2200145ua 4500
041 _aeng
_h
082 _a828.09
_bLUT/CR
100 _aLutyens, David Bulwer .
245 _aCreative encounter /
_cDavid Bulwer Luytens.
_hTextual Documents
260 _aLondon :
_bSeeker and Warburg ,
_c1960.
300 _a200 ; .
504 _a
942 _cBK
999 _c870
_d870